<?xml version="1.0" encoding="UTF-8"?>
<record
    xmlns:xsi="http://www.w3.org/2001/XMLSchema-instance"
    xsi:schemaLocation="http://www.loc.gov/MARC21/slim http://www.loc.gov/standards/marcxml/schema/MARC21slim.xsd"
    xmlns="http://www.loc.gov/MARC21/slim">

  <leader>01025nam a2200145Ia 4500</leader>
  <controlfield tag="005">20240419024950.0</controlfield>
  <controlfield tag="008">240331s9999    xx            000 0 und d</controlfield>
  <datafield tag="082" ind1=" " ind2=" ">
    <subfield code="b">UNB</subfield>
    <subfield code="a">331.4</subfield>
  </datafield>
  <datafield tag="100" ind1=" " ind2=" ">
    <subfield code="a">Ann, Adele</subfield>
  </datafield>
  <datafield tag="245" ind1=" " ind2="0">
    <subfield code="a">Unbroken chains :</subfield>
    <subfield code="b">exploations into the Jaffna dowry system</subfield>
    <subfield code="c">Adele, Ann</subfield>
  </datafield>
  <datafield tag="260" ind1=" " ind2=" ">
    <subfield code="a">Jaffna:</subfield>
    <subfield code="b">Malathi press ,</subfield>
    <subfield code="c">1994,</subfield>
  </datafield>
  <datafield tag="300" ind1=" " ind2=" ">
    <subfield code="a">66 p .,</subfield>
  </datafield>
  <datafield tag="500" ind1=" " ind2=" ">
    <subfield code="a">" UNBROKEN CHAINS " is an attempt to explore one of the most complex social issues confronting the  Tamil people of Jaffna - the  dowry system. The dowry system as  practiced in the Jaffna social formation is a deeply institutionalized, intractable customary practice. it has its own peculiarities and unique history: it is bound up with property relations and socio - cultural practices: it is a major source of the social oppression of women. we systematically explore various socio - cultural issues related to the practice and conclude with an exposition of possible ways and means of eradicating this mode of social oppression of women </subfield>
  </datafield>
  <datafield tag="942" ind1=" " ind2=" ">
    <subfield code="c">L</subfield>
  </datafield>
  <datafield tag="952" ind1=" " ind2=" ">
    <subfield code="0">0</subfield>
    <subfield code="1">0</subfield>
    <subfield code="4">0</subfield>
    <subfield code="7">0</subfield>
    <subfield code="8">L</subfield>
    <subfield code="a">WERCL</subfield>
    <subfield code="b">WERCL</subfield>
    <subfield code="c">SSC</subfield>
    <subfield code="d">2024-03-31</subfield>
    <subfield code="l">0</subfield>
    <subfield code="o"> 331.4 ANN</subfield>
    <subfield code="p">3610</subfield>
    <subfield code="r">2024-03-31</subfield>
    <subfield code="w">2024-03-31</subfield>
    <subfield code="y">L</subfield>
  </datafield>
  <datafield tag="999" ind1=" " ind2=" ">
    <subfield code="c">2611</subfield>
    <subfield code="d">2611</subfield>
  </datafield>
</record>
